| 000 | 00402nam a22001097a 4500 | ||
|---|---|---|---|
| 050 |
_a(The) LC 3965 _b.K5 2024 |
||
| 100 | _aKimanzi Videma | ||
| 245 | _aschool based factors influencing implementation of special education in curriculum in special needs units in public primary schools in kitui west sub-county Kenya | ||
| 300 | _a91p. | ||
| 650 |
_bEducation _vSpecial needs education |
||
| 942 |
_2lcc _cTHE |
||
| 999 |
_c18778 _d18779 |
||